00867nam a2200229 a 4500001001000000003000500010005001700015008004100032010001100073011001100084040000900095100003000104245011300134260004100247500006000288502009700348650003700445650002400482650002300506650003800529856007000567000116329CHAP20220329144610.0191213s2019 mx a |sm |||||||spa d a112790 a113762 cCHAP1 aBaltazar Olivares, Pablo.10aAnálisis de la formación del precio del aguacate en Méxicoh[En línea]cpor Pablo Baltazar Olivares. aChapingo, Méx. :bEl autor,c2019. aPara ver el contenido del material haga clic en la liga aTesis (Licenciado en Economía) -- UACH. División de Ciencias Económico-Administrativas14aAguacatexAspectos económicos.14aAguacatexMercadeo.14aAguacatexPrecios.14aAguacatexProducciónzMéxico. aFinding aiduhttp://10.13.5.2/tesis/sist116329.pdfzTeclea aquí